| 000 | 00593nam a2200229Ia 4500 | ||
|---|---|---|---|
| 003 | OSt | ||
| 005 | 20230412141941.0 | ||
| 008 | 210423s2007 xx 000 0 und d | ||
| 040 | _cAL | ||
| 041 | _aeng | ||
| 082 |
_a155.2 _223 _b SCHD |
||
| 100 |
_aSCHULTZ (Duane P);SCHULTZ (Sydney Ellen) _987037 |
||
| 245 | _aTheories of personality | ||
| 250 | _a8 | ||
| 260 |
_aUK _bThomson _c2007 |
||
| 300 | _axvi,532 | ||
| 365 |
_b407 _cINR |
||
| 650 |
_aDifferential & Developmental Psychology _987038 |
||
| 650 |
_aPsychology _987039 |
||
| 906 | _apersonality. ; Theories | ||
| 942 |
_2ddc _cBK |
||
| 999 |
_c157252 _d157252 |
||